Kỹ thuật soạn thảo hợp đồng kinh tế
v.v...
Đã lưu trong:
| Tác giả chính: | |
|---|---|
| Định dạng: | Sách |
| Năm xuất bản: |
H.
Thống kê
1997
|
| Chủ đề: | |
| Tags: |
Thêm thẻ
Không có thẻ, Hãy là người đầu tiên gắn thẻ bản ghi này!
|
| LEADER | 00762nam a2200181 4500 | ||
|---|---|---|---|
| 082 | |a 331.891 |b TR120QU | ||
| 100 | |a Trần Quang Linh | ||
| 245 | |a Kỹ thuật soạn thảo hợp đồng kinh tế |c Trần Quang Linh, Lê Thế Thọ | ||
| 260 | |a H. |b Thống kê |c 1997 | ||
| 300 | |a 384 tr. |c 20 cm | ||
| 520 | |a v.v... | ||
| 653 | |a Kinh tế | ||
| 653 | |a hợp đồng kinh tế | ||
| 653 | |a soạn thảo | ||
| 942 | |2 ddc |c STK0 | ||
| 999 | |c 9307 |d 9307 | ||
| 952 | |0 0 |1 0 |2 ddc |4 0 |6 331_891000000000000_TR120QU |7 0 |8 300 |9 74708 |a qbu |b qbu |c D2 |d 2015-05-08 |g 27000 |o 331.891 TR120QU |p 9286.c1 |r 0000-00-00 |w 2015-05-08 |y STK0 | ||
| 952 | |0 0 |1 0 |2 ddc |4 0 |6 331_891000000000000_TR120QU |7 0 |8 300 |9 74709 |a qbu |b qbu |c D2 |d 2015-05-08 |g 27000 |o 331.891 TR120QU |p 9286.c2 |r 0000-00-00 |w 2015-05-08 |y STK0 | ||